000 00252nam a2200097Ia 4500
001 706076
005 20250826162442.0
008 250824s9999 xx 000 0 und d
245 0 _aSUYU ARAYAN ADAM
_cŞEVKET SÜREYYA AYDEMİR
260 _bREMZİ KİTABEVİ
999 _c706076
_d706076